[Event "IMSA Blitz w 2016"]
[Site "Huai'an CHN"]
[Date "2016.03.01"]
[Round "27.4"]
[White "Huang, Qian"]
[Black "Socko, Monika"]
[Result "1-0"]
[WhiteTitle "WGM"]
[BlackTitle "GM"]
[WhiteElo "2450"]
[BlackElo "2448"]
[WhiteFideId "8602689"]
[BlackFideId "1106619"]
[EventDate "2016.02.28"]

1. Nf3 d5 2. g3 Nc6 3. Bg2 e5 4. d3 f6 5. c3 Be6 6. Nbd2 Qd7 7. e4 Nge7 8. O-O
O-O-O 9. Re1 g5 10. b4 Re8 11. Nb3 Ng6 12. b5 Nd8 13. exd5 Bxd5 14. c4 Be6 15.
Bxg5 fxg5 16. Nxg5 Bf5 17. Ne4 Ne6 18. Nf6 Qd8 19. Nxe8 Qxe8 20. Qf3 Ne7 21.
Qxb7+ Kd8 22. d4 exd4 23. Rad1 Bg7 24. Qxa7 Qd7 25. Na5 Ke8 26. Nc6 Kf7 27. Ne5+
Bxe5 28. Rxe5 Bg4 29. Rd2 Qd6 30. Re4 Bf5 31. Re1 Qb4 32. Rdd1 Rd8 33. Qb7 Qxc4
34. Re5 d3 35. Qf3 Qg4 36. Qxg4 Bxg4 37. Rd2 Nd4 38. Re4 Ne2+ 39. Kf1 Bf5 40.
Rc4 Rd7 41. Bf3 Nd4 42. Bg2 Nxb5 43. a4 Nd4 44. Rc3 c5 45. a5 Ra7 46. Rxc5 Nb3
47. Rxf5+ Nxf5 48. Bd5+ Kf6 49. Bxb3 Rxa5 50. Rxd3 Ra3 51. Kg2 Ke5 52. Bc2 Ra2
53. Bb3 Ra3 54. Bc2 Ra2 55. Rc3 Nd4 56. Bxh7 Rb2 57. h4 Kf6 58. h5 Kg5 59. Bg6
Ne6 60. Re3 Ng7 61. Re5+ Kf6 62. Rc5 Rb6 63. Be4 Rb4 64. Bf3 Nf5 65. Rc6+ Kg7
66. Ra6 Rb2 67. Be4 Nd4 68. h6+ Kf7 69. h7 Rb8 70. Ra7+ Kf6 71. f4 Ne6 72. Kf3
Ng7 73. Bd3 Rf8 74. g4 1-0

[Event "IMSA Blitz w 2016"]
[Site "Huai'an CHN"]
[Date "2016.03.01"]
[Round "27.7"]
[White "Tan, Zhongyi"]
[Black "Zhao, Xue"]
[Result "1-0"]
[WhiteTitle "WGM"]
[BlackTitle "GM"]
[WhiteElo "2504"]
[BlackElo "2506"]
[WhiteFideId "8603642"]
[BlackFideId "8601283"]
[EventDate "2016.02.28"]

1. Nf3 Nf6 2. g3 b5 3. Bg2 d5 4. O-O e6 5. d3 Be7 6. c4 bxc4 7. dxc4 c6 8. Nc3
Ba6 9. b3 O-O 10. Qc2 Nbd7 11. Rd1 Qc8 12. e4 dxc4 13. e5 Nd5 14. bxc4 Nxc3 15.
Qxc3 Qc7 16. Be3 Rab8 17. Qc2 h6 18. Qa4 Qc8 19. Rxd7 Rb4 20. Qd1 Bd8 21. Bc5 1-0

[Event "IMSA Blitz w 2016"]
[Site "Huai'an CHN"]
[Date "2016.03.01"]
[Round "27.8"]
[White "Lagno, Kateryna"]
[Black "Paehtz, Elisabeth"]
[Result "1/2-1/2"]
[WhiteTitle "GM"]
[BlackTitle "IM"]
[WhiteElo "2529"]
[BlackElo "2472"]
[WhiteFideId "14109336"]
[BlackFideId "4641833"]
[EventDate "2016.02.28"]

1. e4 g6 2. d4 Bg7 3. Nc3 d6 4. Be3 a6 5. Nf3 Nd7 6. Qd2 b5 7. a4 b4 8. Ne2 Rb8
9. Ng3 c5 10. c3 bxc3 11. bxc3 Qa5 12. Bd3 Ngf6 13. O-O Ng4 14. Bf4 e5 15. dxe5
Ndxe5 16. Be2 Qc7 17. Rad1 Rb6 18. Nxe5 Nxe5 19. Bh6 O-O 20. Bxg7 Kxg7 21. f4
Nd7 22. f5 Nf6 23. Bc4 a5 24. Rf2 Ba6 25. Bxa6 Rxa6 26. Rdf1 d5 27. exd5 c4 28.
fxg6 fxg6 29. Qd4 Qb6 30. Qxb6 Rxb6 31. Rf4 Rd8 32. Rxc4 Rxd5 33. Rc7+ Kh6 34.
c4 Rd2 35. c5 Re6 36. h3 Rc2 37. Kh2 Nd5 38. Rd7 Ne3 39. Rg1 Rxc5 40. Ne2 Rc4
41. Nd4 Re4 42. Nf3 Rxa4 43. Re1 Ra2 44. Rxh7+ Kxh7 45. Ng5+ Kh6 46. Nxe4 Nxg2
47. Rc1 Nf4+ 48. Kh1 a4 49. Nc3 Ra3 50. Kh2 g5 51. Rc2 Ne6 52. Nb5 Re3 53. Rc6
Kh5 54. Ra6 Nc5 55. Rc6 Ne4 56. Ra6 Nc5 57. Rc6 Re5 58. Rc8 Ne4 59. Rh8+ Kg6 60.
Rb8 Nf6 61. Rb6 Kf5 62. Nd6+ Kg6 63. Nb5 Re2+ 64. Kg3 Rb2 65. Kf3 Rb3+ 66. Ke2
a3 67. Kd2 a2 68. Ra6 Rxb5 69. Rxa2 Rd5+ 70. Ke3 Re5+ 71. Kf3 Rf5+ 72. Kg2 Rf4
73. Ra5 Kh5 74. Ra8 Kg6 75. Ra6 Re4 76. Kf3 Rc4 77. Kg2 Rb4 78. Kg3 Rb3+ 79. Kg2
Rb4 80. Kg3 Rf4 81. Kg2 Rf5 82. Kg3 Kh5 83. Ra8 Kg6 84. Ra6 Kh5 85. Ra8 Nd5 86.
Rh8+ Kg6 87. h4 Kg7 88. Ra8 gxh4+ 89. Kxh4 Rf7 90. Kg4 Nf6+ 91. Kg3 Re7 92. Kf4
Kg6 93. Kf3 Rd7 94. Ra6 Rb7 95. Rc6 Rb4 96. Ra6 Rd4 97. Ke3 Rh4 98. Kf3 Rh3+ 99.
Kf4 Rb3 100. Rc6 Rb4+ 101. Ke3 Kf5 102. Rc5+ Ke6 103. Rc6+ Ke5 104. Rc8 Rb3+
105. Ke2 Nd5 106. Re8+ Kd4 107. Rd8 Rh3 108. Kf2 Ra3 109. Rd7 Ke4 110. Rd8 Nf6
111. Kg2 Ng4 112. Re8+ Ne5 113. Kf2 Rf3+ 114. Kg2 Rc3 115. Kf2 Rc2+ 116. Kg3 Rc6
117. Kf2 Rf6+ 118. Kg2 Kf4 119. Ra8 Rg6+ 120. Kf2 Ng4+ 121. Ke2 Rd6 122. Ra4+
Kf5 123. Ra5+ Ne5 124. Ra8 Rd4 125. Rf8+ Ke4 126. Re8 Ra4 127. Kf2 Ra3 128. Kg2
Kf4 129. Rf8+ Kg5 130. Rg8+ Ng6 131. Kf2 Kf5 132. Rb8 Ne5 133. Rf8+ Ke4 134. Re8
Rc3 135. Kg2 Re3 136. Kf2 Rf3+ 137. Kg2 Rf5 138. Ra8 Rg5+ 139. Kh3 Nd3 140. Ra4+
Ke3 141. Kh4 Rg1 142. Ra3 Kd4 143. Ra4+ Kd5 144. Ra5+ Nc5 145. Kh3 Kd6 146. Kh2
Rg8 147. Ra3 Ne4 148. Ra7 Ke5 149. Re7+ Kf4 150. Rf7+ Ke3 151. Re7 Rg4 152. Kh3
Rg5 153. Kh4 Rg1 154. Kh5 Rg2 155. Kh6 Kf4 156. Rg7 Rh2+ 157. Kg6 Rg2+ 158. Kf7
Nd6+ 159. Kf8 Re2 1/2-1/2

[Event "IMSA Blitz w 2016"]
[Site "Huai'an CHN"]
[Date "2016.03.01"]
[Round "28.1"]
[White "Ju, Wenjun"]
[Black "Lagno, Kateryna"]
[Result "1/2-1/2"]
[WhiteTitle "GM"]
[BlackTitle "GM"]
[WhiteElo "2558"]
[BlackElo "2529"]
[WhiteFideId "8603006"]
[BlackFideId "14109336"]
[EventDate "2016.02.28"]

1. d4 Nf6 2. Nf3 g6 3. g3 Bg7 4. Bg2 c5 5. c4 cxd4 6. Nxd4 O-O 7. O-O d5 8. cxd5
Nxd5 9. Nc3 Nxc3 10. bxc3 Nc6 11. Nxc6 bxc6 12. Qxd8 Rxd8 13. Bxc6 Bxc3 14. Bxa8
Bxa1 15. Be3 Bf6 16. Bxa7 Bh3 17. Bg2 Bxg2 18. Kxg2 Ra8 19. Be3 h5 20. Rd1 Rxa2
21. Rd2 Rxd2 22. Bxd2 e6 23. e4 Bd4 24. Kf3 Kf8 25. Bb4+ Ke8 26. Bd2 Kd7 27. Be3
Be5 28. Ke2 Bd6 29. Kd3 e5 30. Kc4 Ke6 31. Kd3 Kd7 32. Kc4 Ke6 33. Kd3 Kd7 34.
Kc4 1/2-1/2

[Event "IMSA Blitz w 2016"]
[Site "Huai'an CHN"]
[Date "2016.03.01"]
[Round "28.2"]
[White "Paehtz, Elisabeth"]
[Black "Tan, Zhongyi"]
[Result "0-1"]
[WhiteTitle "IM"]
[BlackTitle "WGM"]
[WhiteElo "2472"]
[BlackElo "2504"]
[WhiteFideId "4641833"]
[BlackFideId "8603642"]
[EventDate "2016.02.28"]

1. e4 d6 2. d4 g6 3. Nc3 Bg7 4. f4 a6 5. Nf3 b5 6. Bd3 Bb7 7. e5 Nh6 8. a4 b4 9.
Ne4 Nd7 10. Qe2 O-O 11. e6 f5 12. Neg5 Nb6 13. h4 Bxf3 14. Nxf3 Bf6 15. h5 Kg7
16. Bd2 Ng4 17. a5 Nd5 18. c4 bxc3 19. bxc3 c5 20. Bc4 Nc7 21. d5 Rb8 22. Nh2
Bh4+ 23. Kf1 Nf2 24. Be1 Nxh1 25. Bxh4 Nb5 26. Qd3 Qe8 27. Kg1 gxh5 28. Kxh1 Rb7
29. Rf1 Kh8 30. Nf3 Qg6 31. Ng5 h6 32. Nf7+ Kh7 33. Rf3 Qg4 34. Bf2 Rg8 35. Kg1
Qxg2# 0-1

[Event "IMSA Blitz w 2016"]
[Site "Huai'an CHN"]
[Date "2016.03.01"]
[Round "28.3"]
[White "Zhao, Xue"]
[Black "Mkrtchian, Lilit"]
[Result "1-0"]
[WhiteTitle "GM"]
[BlackTitle "IM"]
[WhiteElo "2506"]
[BlackElo "2434"]
[WhiteFideId "8601283"]
[BlackFideId "13300601"]
[EventDate "2016.02.28"]

1. Nf3 c5 2. g3 Nc6 3. Bg2 g6 4. O-O Bg7 5. e4 d6 6. Nc3 e5 7. a3 Nge7 8. b4 O-O
9. d3 h6 10. bxc5 dxc5 11. Nd2 Be6 12. Rb1 b6 13. Nc4 Rc8 14. Ne3 f5 15. Ned5 f4
16. gxf4 exf4 17. Bd2 g5 18. f3 Nd4 19. Nxe7+ Qxe7 20. Ne2 c4 21. Bb4 Nxe2+ 22.
Qxe2 Bd4+ 23. Kh1 Bc5 24. d4 Bxb4 25. axb4 c3 26. Rfd1 Bf7 27. d5 Qe5 28. Ra1
Rc7 29. Qd3 Kg7 30. Ra6 Rd8 31. Rda1 Rdd7 32. Bh3 Rd8 33. Rxa7 h5 34. Rxc7 Qxc7
35. Qd4+ Kg8 36. Qf6 Rd6 37. Qe5 Qd8 38. Rg1 Rg6 39. Bf5 Rg7 40. Qxc3 g4 41.
fxg4 hxg4 42. Bxg4 Rg5 43. Qc8 Qxc8 44. Bxc8 Rxg1+ 45. Kxg1 Bg6 46. Bf5 Be8 47.
d6 1-0

[Event "IMSA Blitz w 2016"]
[Site "Huai'an CHN"]
[Date "2016.03.01"]
[Round "28.6"]
[White "Socko, Monika"]
[Black "Harika, Dronavalli"]
[Result "1-0"]
[WhiteTitle "GM"]
[BlackTitle "GM"]
[WhiteElo "2448"]
[BlackElo "2511"]
[WhiteFideId "1106619"]
[BlackFideId "5015197"]
[EventDate "2016.02.28"]

1. d4 Nf6 2. c4 e6 3. Nf3 b6 4. g3 Bb4+ 5. Nbd2 Ba6 6. Qb3 c5 7. Bg2 Bb7 8. O-O
O-O 9. a3 Bxd2 10. Bxd2 cxd4 11. Nxd4 Bxg2 12. Kxg2 Nc6 13. Nf3 d5 14. Rad1 d4
15. Bf4 Qd7 16. Ne5 Qc8 17. Qb5 Nxe5 18. Bxe5 Qb7+ 19. f3 a6 20. Qb4 Nd7 21.
Bxd4 b5 22. cxb5 axb5 23. Bc3 Rfd8 24. Qe7 Qc6 25. Rd6 Qc4 26. Rxd7 Rxd7 27.
Qxd7 Qxe2+ 28. Rf2 Qc4 29. Qd4 1-0

[Event "IMSA Blitz w 2016"]
[Site "Huai'an CHN"]
[Date "2016.03.01"]
[Round "28.8"]
[White "Khotenashvili, Bela"]
[Black "Dzagnidze, Nana"]
[Result "1/2-1/2"]
[WhiteTitle "GM"]
[BlackTitle "GM"]
[WhiteElo "2502"]
[BlackElo "2529"]
[WhiteFideId "13602640"]
[BlackFideId "13601903"]
[EventDate "2016.02.28"]

1. Nf3 c5 2. c4 Nc6 3. Nc3 g6 4. e3 Bg7 5. d4 cxd4 6. exd4 d6 7. h3 Nf6 8. Be2
O-O 9. O-O Bf5 10. Bg5 Ne4 11. Nxe4 Bxe4 12. Be3 Rc8 13. Rc1 d5 14. Ng5 Bf5 15.
cxd5 Qxd5 16. Bc4 Qd8 17. Qb3 Nxd4 18. Bxf7+ Kh8 19. Rxc8 Qxc8 20. Qd5 e6 21.
Qd6 Qd8 22. Qxd8 Rxd8 23. Bxd4 Bxd4 24. Bxe6 Re8 25. Bxf5 gxf5 26. Rd1 Bxb2 27.
Rd7 Bg7 28. Rxb7 a5 29. Ra7 h6 30. Nf7+ Kg8 31. Nd6 Re1+ 32. Kh2 Be5+ 33. g3
Bxd6 34. Rxa5 f4 35. gxf4 Bxf4+ 36. Kg2 Ra1 37. Ra7 Be5 38. Kf3 Bd4 39. Ra4 Bf6
40. Ra7 Bd4 41. Ra4 Bc5 42. Rc4 Be7 43. Rc7 Kf7 44. Ra7 Ke6 45. Ra6+ Bd6 46. Ra5
Kf6 47. Ra6 Rd1 48. Ra5 Rd2 49. Ra6 Ke7 50. Ra7+ Kf6 51. Ra5 Kg6 52. Ke3 Rd1 53.
Kf3 Be7 54. Ra6+ Bf6 55. Ra5 Rd2 56. Ke3 Rb2 57. Kf3 Bd4 58. Kg4 Bxf2 59. Ra6+
Kg7 60. a4 Be3 61. Re6 Bd4 62. Rd6 Rb4 63. Kh5 Be3 64. Rd7+ Kf6 65. Rd6+ Ke5 66.
Ra6 Kd5 67. Ra8 Re4 68. a5 Kc6 69. a6 Kb6 70. Kg6 Ka5 71. Kh5 Re6 72. Kg4 Kb5
73. Kh5 Bf2 74. Kg4 Bc5 75. Kh5 Be3 76. Kg4 Ka5 77. Kh5 Kb5 78. Kg4 Rxa6 79.
Rxa6 Kxa6 80. Kf3 Bc1 81. Kg2 Kb5 82. Kh1 Kc4 83. h4 Kd5 84. h5 Ke4 85. Kg2 Kf5
86. Kh1 Kg4 87. Kg2 Kxh5 88. Kh1 1/2-1/2

[Event "IMSA Blitz w 2016"]
[Site "Huai'an CHN"]
[Date "2016.03.01"]
[Round "29.1"]
[White "Khotenashvili, Bela"]
[Black "Ju, Wenjun"]
[Result "0-1"]
[WhiteTitle "GM"]
[BlackTitle "GM"]
[WhiteElo "2502"]
[BlackElo "2558"]
[WhiteFideId "13602640"]
[BlackFideId "8603006"]
[EventDate "2016.02.28"]

1. Nf3 Nf6 2. g3 g6 3. Bg2 Bg7 4. O-O O-O 5. d4 d5 6. c4 c6 7. Nc3 dxc4 8. Ne5
Ng4 9. Nf3 e5 10. d5 cxd5 11. Qxd5 Qxd5 12. Nxd5 Nc6 13. Nd2 Na5 14. Ne4 Rd8 15.
Nc7 Rb8 16. Bg5 Rd7 17. Nb5 a6 18. h3 axb5 19. hxg4 Kf8 20. Rfd1 Rxd1+ 21. Rxd1
Be6 22. Nc5 e4 23. Nxe6+ fxe6 24. Bxe4 Bxb2 25. Bf4 Rc8 26. Bd6+ Kg8 27. Bb4 Nc6
28. Bc5 Bf6 29. f4 c3 30. Bc2 Rd8 31. Rxd8+ Bxd8 32. Bb3 Kg7 33. Kf1 e5 34. Ke1
exf4 35. gxf4 Bf6 36. Kd1 Bd4 37. Bd6 h5 38. gxh5 gxh5 39. Kc2 h4 40. Be6 Kf6
41. Bh3 b4 42. e4 Kg7 43. e5 Be3 44. e6 Nd4+ 45. Kd3 c2 46. Be5+ Kf8 47. Kxe3
c1=Q+ 48. Kxd4 Qc3+ 49. Kd5 Qxh3 50. Kd6 Ke8 51. Kc5 Qe3+ 52. Kxb4 h3 0-1

[Event "IMSA Blitz w 2016"]
[Site "Huai'an CHN"]
[Date "2016.03.01"]
[Round "29.3"]
[White "Gunina, Valentina"]
[Black "Socko, Monika"]
[Result "0-1"]
[WhiteTitle "GM"]
[BlackTitle "GM"]
[WhiteElo "2496"]
[BlackElo "2448"]
[WhiteFideId "4167570"]
[BlackFideId "1106619"]
[EventDate "2016.02.28"]

1. d4 Nf6 2. c4 g6 3. Nc3 Bg7 4. e4 d6 5. f3 O-O 6. Nge2 c5 7. Be3 cxd4 8. Nxd4
Nc6 9. Qd2 Nxd4 10. Bxd4 Qa5 11. Be2 Be6 12. b3 Rfc8 13. Rc1 a6 14. O-O b5 15.
cxb5 axb5 16. Bxb5 Rxc3 17. Rxc3 Qxb5 18. Rfc1 h6 19. a4 Qa6 20. Rb1 Nd7 21.
Bxg7 Kxg7 22. Qd4+ f6 23. Rc7 Kf7 24. Qe3 Qb6 25. Qxb6 Nxb6 26. Kf2 Nd7 27. b4
Rxa4 28. b5 Ra2+ 29. Kg3 h5 30. h4 Ra8 31. b6 Rb8 32. b7 Nc5 33. Rb6 Ke8 34. e5
fxe5 35. Rxc5 dxc5 36. Rxe6 Kf7 37. Rb6 e6 38. Rb5 Ke7 39. Rxc5 Rxb7 40. Rxe5
Kf6 41. Ra5 Rb4 42. Ra8 Rc4 43. Rf8+ Kg7 44. Rf4 Rc2 45. Re4 Kf6 46. Ra4 Kf5 47.
Rf4+ Ke5 48. Rf8 Rc3 49. Kh3 Ra3 50. g3 Ra6 51. Rf7 Ra3 52. g4 hxg4+ 53. Kxg4
Ra1 54. f4+ Ke4 55. Rf6 Rg1+ 56. Kh3 Kf3 57. Kh2 Rg2+ 58. Kh1 Rg4 59. f5 Rxh4+
60. Kg1 Rg4+ 61. Kf1 exf5 62. Ra6 Kg3 63. Kg1 g5 64. Ra3+ Kh4+ 65. Kf2 Rb4 66.
Ra2 g4 67. Kg2 f4 68. Rc2 Re4 69. Ra2 f3+ 70. Kf1 Kh3 71. Ra8 Rb4 72. Ra7 Kg3
73. Ra1 Kh2 74. Kf2 Rb2+ 75. Ke3 Re2+ 76. Kf4 f2 0-1

[Event "IMSA Blitz w 2016"]
[Site "Huai'an CHN"]
[Date "2016.03.01"]
[Round "29.7"]
[White "Mkrtchian, Lilit"]
[Black "Paehtz, Elisabeth"]
[Result "0-1"]
[WhiteTitle "IM"]
[BlackTitle "IM"]
[WhiteElo "2434"]
[BlackElo "2472"]
[WhiteFideId "13300601"]
[BlackFideId "4641833"]
[EventDate "2016.02.28"]

1. c4 b6 2. b3 e6 3. Bb2 Bb7 4. Nf3 f5 5. g3 Nf6 6. Bg2 Be7 7. O-O O-O 8. d3 c5
9. Nbd2 Nc6 10. e4 fxe4 11. dxe4 Ng4 12. h3 Nh6 13. Qe2 Qe8 14. Rad1 Rd8 15.
Rfe1 Qg6 16. Nb1 Bf6 17. e5 Be7 18. Nc3 Nf5 19. Nb5 a6 20. Nd6 Nxd6 21. exd6 Bf6
22. Ne5 Bxe5 23. Bxe5 Na5 24. Bxb7 Nxb7 25. Qe4 Qxe4 26. Rxe4 Na5 27. Bc3 Nc6
28. Kg2 Rf5 29. f4 Rdf8 30. a3 g5 31. Bd2 gxf4 32. Rxf4 Nd4 33. b4 h5 34. bxc5
bxc5 35. Rb1 Re5 36. Rxf8+ Kxf8 37. Bc3 Re2+ 38. Kf1 Rc2 39. Bxd4 cxd4 40. Rb8+
Kf7 41. Rd8 e5 42. Rxd7+ Ke6 43. Ra7 Rxc4 44. d7 Ke7 45. Rxa6 Kxd7 46. Ra5 Ke6
47. Ke2 Rc3 48. g4 Rxh3 49. gxh5 Rxh5 50. Ra8 Kd5 51. a4 Ke4 0-1

[Event "IMSA Blitz w 2016"]
[Site "Huai'an CHN"]
[Date "2016.03.01"]
[Round "29.8"]
[White "Tan, Zhongyi"]
[Black "Lagno, Kateryna"]
[Result "1-0"]
[WhiteTitle "WGM"]
[BlackTitle "GM"]
[WhiteElo "2504"]
[BlackElo "2529"]
[WhiteFideId "8603642"]
[BlackFideId "14109336"]
[EventDate "2016.02.28"]

1. Nf3 g6 2. d4 Nf6 3. c4 Bg7 4. Nc3 d5 5. cxd5 Nxd5 6. e4 Nxc3 7. bxc3 c5 8.
Rb1 O-O 9. Be2 b6 10. O-O Bb7 11. Qd3 Ba6 12. Qe3 Bxe2 13. Qxe2 cxd4 14. cxd4 e6
15. h4 Nc6 16. Rd1 Qd7 17. Be3 Rac8 18. h5 Na5 19. h6 Bh8 20. e5 Qd5 21. Rbc1
Rc4 22. Nd2 Rxc1 23. Rxc1 Qxa2 24. Qa6 f6 25. Qxa7 fxe5 26. Ne4 Qd5 27. Rc7 Qxe4
28. Rg7+ 1-0

[Event "IMSA Blitz w 2016"]
[Site "Huai'an CHN"]
[Date "2016.03.01"]
[Round "30.1"]
[White "Ju, Wenjun"]
[Black "Tan, Zhongyi"]
[Result "1-0"]
[WhiteTitle "GM"]
[BlackTitle "WGM"]
[WhiteElo "2558"]
[BlackElo "2504"]
[WhiteFideId "8603006"]
[BlackFideId "8603642"]
[EventDate "2016.02.28"]

1. d4 d5 2. c4 e6 3. Nf3 Nf6 4. e3 c5 5. cxd5 exd5 6. dxc5 Bxc5 7. h3 O-O 8. Bd3
Nc6 9. O-O d4 10. exd4 Nxd4 11. Nc3 Be6 12. Bg5 h6 13. Ne4 Nxf3+ 14. Qxf3 hxg5
15. Nxc5 Qd5 16. Ne4 Qe5 17. Nxf6+ Qxf6 18. Qxb7 Rfb8 19. Qe4 g6 20. b3 Bf5 21.
Qf3 Rd8 22. Bc4 Kg7 23. Rad1 Rac8 24. Qb7 a5 25. Qa7 g4 26. hxg4 Bxg4 27. Rxd8
Rxd8 28. Qxa5 Rd7 29. Re1 Kh7 30. Qe5 Qh4 31. Qh2 Qxh2+ 32. Kxh2 Rd2 33. Re7
Rxa2 34. Rxf7+ Kh6 35. Kg3 Bf5 36. Rc7 Rb2 37. Bg8 Kg5 38. f4+ Kf6 39. Rc6+ Kg7
40. Bd5 Rd2 41. Bf3 Rb2 42. Rb6 Bc2 43. b4 Rb3 44. Kh4 Kh6 45. Rb8 Bf5 46. b5
Rb4 47. Kg3 Rb3 48. b6 Be4 49. b7 Kg7 50. Re8 Bxf3 51. b8=Q Rxb8 52. Rxb8 Bd5
53. Kh3 Bc4 54. Kh4 Kf6 55. g4 g5+ 56. fxg5+ Kg6 57. Rb6+ Kg7 58. g6 Bd3 59. Kg5
Bc4 60. Rb7+ Kg8 61. Kf6 1-0

[Event "IMSA Blitz w 2016"]
[Site "Huai'an CHN"]
[Date "2016.03.01"]
[Round "30.2"]
[White "Lagno, Kateryna"]
[Black "Mkrtchian, Lilit"]
[Result "1-0"]
[WhiteTitle "GM"]
[BlackTitle "IM"]
[WhiteElo "2529"]
[BlackElo "2434"]
[WhiteFideId "14109336"]
[BlackFideId "13300601"]
[EventDate "2016.02.28"]

1. e4 e5 2. Nf3 Nc6 3. Bb5 a6 4. Ba4 Nf6 5. O-O Be7 6. Re1 b5 7. Bb3 d6 8. c3
O-O 9. h3 Nb8 10. d4 Nbd7 11. Nbd2 Bb7 12. Bc2 Re8 13. Nf1 Bf8 14. Ng3 g6 15. a4
Bg7 16. Bd3 c6 17. Be3 Qc7 18. b4 h6 19. Qc2 Nb6 20. a5 Nc4 21. Bxc4 bxc4 22.
dxe5 dxe5 23. Nd2 Nd7 24. Nxc4 c5 25. Nb6 Nxb6 26. axb6 Qxb6 27. Bxc5 Qe6 28.
Red1 Rec8 29. Rd6 Qc4 30. Qd3 Qxd3 31. Rxd3 Bf8 32. Bxf8 Kxf8 33. Ra5 Rc4 34.
Rxe5 Rac8 35. Rd7 Bc6 36. Ra7 Bb5 37. Ree7 Be8 38. Ne2 Rd8 39. Rec7 Rxe4 40. Nd4
Re1+ 41. Kh2 Ra1 42. b5 a5 43. b6 Rb8 44. b7 Rb1 45. c4 a4 46. c5 Rb4 47. c6
Rxd4 48. Rc8 Rd8 49. Rxd8 Rxd8 50. c7 1-0

[Event "IMSA Blitz w 2016"]
[Site "Huai'an CHN"]
[Date "2016.03.01"]
[Round "30.7"]
[White "Socko, Monika"]
[Black "Dzagnidze, Nana"]
[Result "0-1"]
[WhiteTitle "GM"]
[BlackTitle "GM"]
[WhiteElo "2448"]
[BlackElo "2529"]
[WhiteFideId "1106619"]
[BlackFideId "13601903"]
[EventDate "2016.02.28"]

1. d4 Nf6 2. c4 e6 3. Nf3 d5 4. Nc3 dxc4 5. e3 a6 6. a4 c5 7. Bxc4 Nc6 8. O-O
Be7 9. dxc5 Bxc5 10. Qxd8+ Nxd8 11. b3 Nc6 12. Bb2 b6 13. Nd2 Na5 14. Be2 Bb7
15. Rab1 O-O 16. Ba1 Bb4 17. Nf3 Rac8 18. Rfc1 Ne4 19. Na2 Be7 20. Rxc8 Rxc8 21.
b4 Nc4 22. Bd4 Bd5 23. Rc1 b5 24. axb5 axb5 25. Nc3 Na3 26. Na2 Rxc1+ 27. Nxc1
Bxb4 28. Ne5 f6 29. Ned3 Bd6 0-1